000 00900nas a2200253 4500
001 BR2014004109
003 BR-BrBNA
005 20231205124215.0
007 ta
008 230509b bl.|||p| |||| 00| 00por d
040 _aBR-BrBNA
_bpor
_cBiblioteca Nacional de Agricultura
041 _a(Pt)
072 _aF30; H20
100 1 _aValle, T.L.
100 1 _aLorenzi, J.O.
245 1 _aVariedades melhoradas de mandioca como instrumento de inovação, segurança alimentar, competividade e sustentabilidade: contribuições do Instituto Agronômico de Campinas (IAC)
650 _aMANDIOCA
650 _aMELHORAMENTO GENÉTICO VEGETAL
650 _aBACTERIOSE
650 _aSEGURANÇA ALIMENTAR
773 0 _tCadernos de Ciência e Tecnologia (Brazil)
_xISSN 0104-1096
_g(Jan-Apr 2014), v. 31(1) p. 15-34
_wBR2014004109
909 _a202311
_bLúcia
_c55
_dLúcia Elande
942 _2AGRIS
_n0
_cANA
999 _c237864
_d237864